| 000 | 00442cam a2200181ua 4500 | ||
|---|---|---|---|
| 020 | _c25.00 | ||
| 041 |
_aeng _h |
||
| 082 |
_a320.1 _bKAR/MO |
||
| 100 | _aKarunakaran, K.P . | ||
| 245 | 0 | 0 |
_aModern Indian political tradition / _cK.P.Karunakaran. _hTextual Documents |
| 250 |
_a1 / _b. |
||
| 260 |
_a : _bAllied publishers , _c1962. |
||
| 300 | _a452 ; . | ||
| 365 | _a25.00 | ||
| 504 | _a | ||
| 942 | _cBK | ||
| 999 |
_c2251 _d2251 |
||